Kapitál v 21. století – teoretické a praktické aspekty

Gespeichert in:
Bibliographische Detailangaben
1. Verfasser: Dušek, Jiří
Körperschaft: Vysoká škola evropských a regionálních studií
Weitere Verfasser: Hesková, Marie, Skořepa, Ladislav
Format: Buch
Sprache:Tschechisch
Slowakisch
Russisch
Veröffentlicht: České Budějovice VŠERS 2018
Ausgabe:1. vydání
Schlagworte:
Tags: Tag hinzufügen
Keine Tags, Fügen Sie das erste Tag hinzu!

MARC

LEADER 00000nlm a2200000 4500
001 0247742
005 20240826114905.4
020 |a 978-80-7556-031-5 
041 0 |a cze 
041 0 |a slo 
041 0 |a rus 
044 |a CZ 
245 1 0 |a Kapitál v 21. století – teoretické a praktické aspekty  |c Jiří Dušek a kol. ; recenzenti: Marie Hesková, Ladislav Skořepa 
250 |a 1. vydání 
264 1 |a České Budějovice  |b VŠERS  |c 2018 
300 |a online 144 s. 
610 2 0 |a kapitál 
610 2 0 |a trh kapitálový 
610 2 0 |a koncepcie 
610 2 0 |a vývoj 
610 2 0 |a investovanie 
610 2 0 |a ochrana investícií 
610 2 0 |a podnik 
610 2 0 |a oceňovanie 
610 2 0 |a hodnota podniku 
610 2 0 |a fúzie 
610 2 0 |a financie verejné 
610 2 0 |a sektor verejný 
610 2 0 |a stratégia cenová 
610 2 0 |a financovanie školstva 
610 2 0 |a podnik 
610 2 0 |a konkurencieschopnosť 
610 2 0 |a právo súťažné 
610 2 0 |a porovnanie medzinárodné 
610 2 0 |a Európska únia 
610 2 0 |a Česko 
610 2 0 |a Slovensko 
610 2 0 |a Ukrajina 
100 1 |a Dušek, Jiří 
700 1 |a Hesková, Marie 
700 1 |a Skořepa, Ladislav 
710 2 |a Vysoká škola evropských a regionálních studií